书目信息 |
| 题名: |
民间舞基本功训练
|
|
| 作者: | 张莉 , 江巍 主编 | |
| 分册: | ||
| 出版信息: | 镇江 江苏大学出版社 2018 |
|
| 页数: | 99页 | |
| 开本: | 26cm | |
| 丛书名: | ||
| 单 册: | ||
| 中图分类: | J722.21 | |
| 科图分类: | ||
| 主题词: | 民间舞蹈--舞蹈训练--中国 | |
| 电子资源: | ||
| ISBN: | 978-7-81130-941-6 | |
| 000 | 00899nam0 2200241 45 | |
| 001 | 012001012134 | |
| 005 | 20140103174741.0 | |
| 010 | @a978-7-81130-941-6@dCNY28.00 | |
| 100 | @a20150920d2015 em y0chiy50 ea | |
| 101 | 0 | @achi |
| 102 | @aCN@b320000 | |
| 105 | @aa z 000yy | |
| 106 | @ar | |
| 200 | 1 | @a民间舞基本功训练@9min jian wu ji ben gong xun lian@f张莉,江巍主编 |
| 210 | @a镇江@c江苏大学出版社@d2018 | |
| 215 | @a99页@c图@d26cm | |
| 330 | @a本书主要介绍了民间舞基本功训练的相关知识,共8章,具体包括:东北秧歌基本功训练、云南花灯基本功训练、陕北秧歌基本功训练、藏族舞蹈基本功训练、蒙古族舞蹈基本功训练、维吾尔族舞蹈基本功训练、傣族舞蹈基本功训练、朝鲜族舞蹈基本功训练。 | |
| 606 | 0 | @a民间舞蹈@x舞蹈训练@y中国 |
| 690 | @aJ722.21@v5 | |
| 701 | 0 | @a张莉@9zhang li@4主编 |
| 701 | 0 | @a江巍@9jiang wei@4主编 |
| 801 | 0 | @aCN@b上海新华@c20191020 |
| 905 | @b1139487-90@dJ722.21@e244@f4 | |
| 民间舞基本功训练/张莉,江巍主编.-镇江:江苏大学出版社,2018 |
| 99页:图;26cm |
| ISBN 978-7-81130-941-6:CNY28.00 |
| 本书主要介绍了民间舞基本功训练的相关知识,共8章,具体包括:东北秧歌基本功训练、云南花灯基本功训练、陕北秧歌基本功训练、藏族舞蹈基本功训练、蒙古族舞蹈基本功训练、维吾尔族舞蹈基本功训练、傣族舞蹈基本功训练、朝鲜族舞蹈基本功训练。 |
| ● |
| 相关链接 |
|
|
|
|
正题名:民间舞基本功训练
索取号:J722.21/244
 
预约/预借
| 序号 | 登录号 | 条形码 | 馆藏地/架位号 | 状态 | 备注 |
| 1 | 1139487 | 211394873 | 第一样本阅览室/ [索取号:J722.21/244] | 在馆 | |
| 2 | 1139488 | 211394882 | 第一借阅区/ [索取号:J722.21/244] | 在馆 | |
| 3 | 1139489 | 211394891 | 第一借阅区/ [索取号:J722.21/244] | 在馆 | |
| 4 | 1139490 | 211394908 | 第一借阅区/ [索取号:J722.21/244] | 在馆 |